[Event "Olomouc AZ Sanace Cup"]
[Site "Olomouc"]
[Date "1998.08.14"]
[Round "7"]
[White "Zurek, Milan"]
[Black "Kalod, Radek"]
[Result "1-0"]
[WhiteElo "2455"]
[BlackElo "2435"]
[Annotator "Hecht,H"]
[PlyCount "91"]
[EventDate "1998.08.08"]
[EventType "tourn"]
[EventRounds "9"]
[EventCountry "CZE"]
[EventCategory "10"]
[SourceTitle "CBM 067"]
[Source "ChessBase"]
[SourceDate "1998.11.30"]
[SourceVersion "2"]
[SourceVersionDate "1998.11.01"]
[SourceQuality "1"]

1. d4 Nf6 2. c3 g6 3. Bg5 Bg7 4. Nd2 O-O 5. e3 d6 6. Bxf6 Bxf6 7. h4 Nd7 8.
Ngf3 Bg7 9. h5 c5 10. Bc4 e6 11. Qe2 a6 12. hxg6 hxg6 13. a4 b6 14. d5 Re8 15.
Ne4 Nf8 16. Nfg5 Ra7 17. Rd1 e5 18. g4 Qe7 19. Rg1 Rd8 20. f4 f6 21. Ne6 Nxe6
22. dxe6 b5 23. Nxd6 Bxe6 24. Bxe6+ Qxe6 25. f5 Qb3 26. Ne4 Rxd1+ 27. Qxd1
Qxd1+ 28. Kxd1 {[%cal Rf5g6,Re4c5] [#] Starker Springer zentral und
unvertreibbar zenral postiert. Schwarze Bauernschwächen und passiver Läufer.}
gxf5 29. gxf5 c4 30. Nxf6+ Kf7 31. Ne4 Rd7+ 32. Ke2 bxa4 33. Nc5 Rd5 34. Ne4
Bf8 (34... a3 35. bxa3 Ra5 36. Rb1 Rxa3 37. Rb7+ Kg8 38. f6 Bh6 39. Nd6 $18)
35. Ra1 Ra5 36. Nd2 a3 37. bxa3 Ra4 38. Rb1 Rxa3 39. Nxc4 Rxc3 40. Nxe5+ Kg7
41. Rg1+ Kh7 42. Nd7 Bg7 (42... Bb4 43. Nf6+ Kh6 44. Rg6#) 43. f6 Bh6 44. f7
Rc2+ 45. Kf3 Rc6 46. Rh1 {[%cal Rf7f8]} 1-0

[Event "USA-ch"]
[Site "Seattle"]
[Date "2003.01.11"]
[Round "3"]
[White "Pixton, Aaron"]
[Black "Benjamin, Joel"]
[Result "0-1"]
[WhiteElo "2449"]
[BlackElo "2587"]
[Annotator "Hecht,H"]
[PlyCount "164"]
[EventDate "2003.01.09"]
[EventType "swiss"]
[EventRounds "9"]
[EventCountry "USA"]
[SourceTitle "CBM 093"]
[Source "ChessBase"]
[SourceDate "2003.04.01"]
[SourceVersion "1"]
[SourceVersionDate "2003.04.01"]
[SourceQuality "1"]

1. d4 Nf6 2. Bg5 g6 3. Bxf6 exf6 4. c4 Bg7 5. Nc3 O-O 6. g3 f5 7. e3 c5 8. Nge2
cxd4 9. exd4 Nc6 10. Qd2 Re8 11. O-O-O d6 12. Bg2 f4 13. Qxf4 Qa5 14. Bd5 Be6
15. Bxe6 Rxe6 16. Qd2 Ree8 17. f4 Rac8 18. Kb1 Nb4 19. b3 Qf5+ 20. Kb2 a6 21.
a3 Nc6 22. d5 Na5 23. Nd4 Qd7 24. Rhe1 Rxc4 25. Rxe8+ Qxe8 26. Qe2 Qxe2+ 27.
Ndxe2 Re4 28. Kc2 Re3 29. Rf1 f5 30. Kd2 Re8 31. Rb1 Kf7 32. Kd3 Rc8 33. Nd4
Bf6 34. Nce2 b5 35. Rc1 Rc5 36. b4 Rxc1 37. Nxc1 Nc4 38. Ne6 Bb2 39. Kc2 Bxc1
40. Kxc1 {Nachteiliger weißer Raumvorteil wegen a) der Schwächen a3 und d5 b)
der Unmöglichkeit, den Ba6 zu erobern} Ke7 41. Nc7 Kd7 42. Ne6 Ke7 43. Nc7 Kd7
44. Ne6 Nxa3 45. Kd2 Nc4+ 46. Kd3 Nb6 47. Kd4 Ke7 48. Ng5 h6 49. Ne6 Nd7 50.
Nc7 Kd8 51. Ne6+ Ke8 52. Nc7+ Ke7 53. h3 Kd8 54. Ne6+ Ke8 55. Nc7+ Ke7 56. g4 {
Führt zum entfernten schwarzen h-Freibauern.} fxg4 57. hxg4 h5 58. g5 h4 59.
Ke4 Nb6 60. Kf3 h3 61. Kg3 Kd7 62. Ne6 Nxd5 63. Nf8+ Ke7 (63... Ke8 $142 64.
Nxg6 Nxb4 $19) 64. Nxg6+ Ke6 65. Kxh3 Kf5 66. Nh4+ Kxf4 67. g6 Ne7 68. g7 Kg5
69. Nf3+ Kf6 70. Nd4 Kxg7 {und mit zwei Mehrbauern ist der Rest "Sache der
Technik".} 71. Ne6+ Kf6 72. Nc7 Ke5 73. Nxa6 Kd5 74. Nc7+ Kc4 75. Kg2 Kxb4 76.
Kf2 Kc4 77. Ke2 b4 78. Kd2 Nf5 79. Kc2 d5 80. Na8 Ne3+ 81. Kd2 b3 82. Nb6+ Kb5
0-1

[Event "Recklinghausen"]
[Site "Recklinghausen"]
[Date "1997.??.??"]
[Round "1"]
[White "Kishnev, Sergey"]
[Black "Kummerow, Heiko"]
[Result "1-0"]
[WhiteElo "2500"]
[BlackElo "2300"]
[Annotator "Hecht,H"]
[PlyCount "127"]
[EventDate "1997.07.??"]
[EventType "tourn"]
[EventRounds "9"]
[EventCountry "GER"]
[EventCategory "8"]
[SourceTitle "CBM 061"]
[Source "ChessBase"]
[SourceDate "1997.11.23"]
[SourceVersion "1"]
[SourceVersionDate "1997.11.23"]
[SourceQuality "1"]

1. d4 Nf6 2. Bg5 Ne4 3. Bf4 c5 4. f3 Qa5+ 5. c3 Nf6 6. Nd2 cxd4 7. Nb3 Qb6 8.
Qxd4 Qxd4 9. cxd4 (9. Nxd4 a6 10. e4 d6 11. Bg5 Nbd7 12. Nh3 e6 13. Nf2 h6 14.
Bd2 Be7 15. Nd3 O-O 16. Be2 Ne5 17. Nxe5 dxe5 18. Nb3 Bd7 19. Be3 Rac8 20. O-O
Rfd8 21. Bb6 Re8 22. a4 Bc6 23. Rfd1 Nd7 {Medancic,R-Soyer,J/Cannes opB18th
1997/EXP 57/1-0 (38)}) 9... d5 10. Rc1 (10. e3 e6 11. g4 Nc6 12. Bb5 Bd7 13. a3
Kd8 14. Rc1 Ne8 15. Nc5 Bxc5 16. Rxc5 Ke7 17. Ne2 Nd6 18. Bd3 Rac8 19. b4 b6
20. Rc3 a5 21. b5 Na7 22. a4 Rxc3 23. Nxc3 Rc8 24. Kd2 Nc4+ {Salov,V-Akopian,V/
Wijk m 1993/CBM 34/[Schussler]/1-0 (43)}) 10... Nc6 11. e3 a6 (11... e6 12. g4
Bd7 13. a3 Rc8 14. Bb5 Be7 15. Na5 O-O 16. Bxc6 Bxc6 17. Ne2 Nd7 18. Kf2 Nb6
19. b4 Nc4 20. Nxc4 dxc4 21. e4 b5 22. Rhd1 g5 23. Bd2 Bb7 24. h4 gxh4 25. Rh1
Rc7 26. g5 {Lputian,S-Aseev,K/URS-ch sf Tashkent 1984/MCD-ch/1-0 (46)}) 12. Ne2
e6 13. Nc3 Nh5 14. Bc7 Kd7 15. Bb6 Bd6 16. g4 Nf6 17. Bh3 Ke7 18. e4 dxe4 19.
fxe4 Nd7 20. Na4 Nxb6 21. Nxb6 Rb8 22. O-O Rd8 23. d5 Ne5 24. g5 Nd3 25. Nxc8+
Rbxc8 26. Rxf7+ Kxf7 27. Bxe6+ Kg6 28. Rxc8 Rxc8 29. Bxc8 Kxg5 30. Na5 Kf4 31.
Nxb7 Bc7 32. d6 Bb6+ 33. Kg2 Kxe4 34. d7 Nf4+ 35. Kf1 Ne6 36. Nd6+ Kd5 37. Nf7
a5 38. Bb7+ Kc5 39. Be4 Nd8 40. Nxd8 Bxd8 41. Bxh7 {[#] Features of the
position: the White bishop does not control the promotion square of the
potentially winning h-pawn; the White passed pawn (-candidates) d- and b- do
not have a promising interval between them. The emergence of a White passed
a-pawn absolutely must be prevented. In my opinion, poor Black defence! For
the strategic patzer an Endgame Medal. [#] Stellungsmerkmale: der weiße Läufer
hat nicht die Farbe des Umwandlungsfeldes des potentiellen Gewinnbauern h2;
nicht ausreichender Abstand der weißen Freibauern(-kandidaten) d und b. Die
Entstehung eines weißen a-Freibauern (statt b-) muß unbedingt verhindert
werden. M.E. schlechte schwarze Verteidigung! Für den startegischen Patzer
eine Endpsielmedaille} Kd6 42. Bf5 Ke5 $5 (42... Kc7 $1 43. Ke2 Bf6 44. b3 g5
45. h3 Bb2 46. Kd3 Bf6 47. Kc4 Be5 48. Kb5 Bc3 49. a3 Bd2 50. b4 axb4 51. axb4
Be1 (51... Be3 52. Ka6 Bd4 53. b5 Be3 54. b6+ Bxb6 55. d8=Q+ Kxd8 56. Kxb6 Ke7
$11 {The bishop is not of the color of the queening square! der L hat nicht
die Farbe des Umwandlungsfeldes h8!}) 52. Kc5 Bf2+ 53. Kd5 Be3 54. b5 Bf2 55.
Ke6 Bc5 (55... Kd8 56. Kf6 Be3 57. b6 Bxb6 58. Kxg5 Ke7 59. Kg6 (59. h4 Kf7 60.
h5 Kg7 61. h6+ Kh8 62. Kf6 Bd8+ $11 {the bishop sacrifices itself for the
d-pawn. der Läufer opfert sich gegen den d-Bauern}) 59... Bf2 $11) 56. b6+ Bxb6
57. Ke7 Kc6 58. d8=Q Bxd8+ 59. Kxd8 Kd6 60. Bg4 Ke5 61. Ke7 $18 {The king
doesn't make it to h8. der König erreicht nicht h8}) 43. Bh3 Kf4 44. Ke2 Ke4
45. Kd2 Kd4 46. Kc2 Kc4 47. Bf1+ Kd4 48. Kb3 Kc5 49. Ka4 g5 50. Bb5 Bc7 51. h3
Bd8 52. Be2 Bc7 53. Kb3 Bd8 54. Kc3 Kd5 $2 (54... Be7 $1) 55. b4 $1 $18 Kc6 56.
Bg4 axb4+ 57. Kxb4 Kb6 58. a4 Kc6 59. a5 Be7+ 60. Ka4 Kc5 61. a6 Kb6 62. Be2
Kc6 63. Bb5+ Kb6 64. Kb3 {[%cal Rb3c4,Rc4d5,Rd5e6,Re6f7,Rf7e8,Rd7d8]} 1-0

[Event "FRA-ch"]
[Site "Meribel"]
[Date "1998.08.16"]
[Round "3"]
[White "Relange, Eloi"]
[Black "Kouatly, Bachar"]
[Result "1-0"]
[WhiteElo "2490"]
[BlackElo "2495"]
[Annotator "Hecht,H"]
[PlyCount "161"]
[EventDate "1998.08.14"]
[EventType "tourn"]
[EventRounds "15"]
[EventCountry "FRA"]
[EventCategory "10"]
[SourceTitle "CBM 067"]
[Source "ChessBase"]
[SourceDate "1998.11.30"]
[SourceVersion "2"]
[SourceVersionDate "1998.11.01"]
[SourceQuality "1"]

1. d4 Nf6 2. Bg5 e6 3. e4 h6 4. Bxf6 Qxf6 5. Nc3 b6 6. Qd2 Bb7 7. O-O-O Bb4 8.
e5 Bxc3 9. Qxc3 Qg5+ 10. Kb1 Nc6 11. h4 Qe7 12. f4 O-O-O 13. Nf3 f6 14. Be2 Nb4
15. a3 Nd5 16. Qd2 g5 17. exf6 Nxf6 18. hxg5 Ne4 19. Qe3 hxg5 20. fxg5 Rhg8 21.
g6 Rxg6 22. Bd3 d5 23. Rdg1 Rg3 24. Rh3 Qg7 25. Rxg3 Qxg3 26. Qh6 Re8 27. Qh7
Qg8 28. Qxg8 Rxg8 29. g4 Ng5 30. Ne5 Kd8 31. Rh1 Ke7 32. b4 a6 33. Rh5 Rg7 34.
Bg6 Kf6 35. Rh6 Ke7 36. Rh8 c5 37. Re8+ Kf6 38. Rf8+ Ke7 39. Rb8 Kd6 40. c3
cxd4 41. cxd4 Kc7 42. Rh8 Bc6 43. Rh5 Ne4 44. Bxe4 dxe4 {[#] Schwerer
taktischer Patzer Zug 76 in Remisstellung. Daher die Patzermedaille.} 45. Kc2
Kd6 46. Kd2 Ba4 47. Ke3 Bd1 48. Rh1 Bf3 49. Rc1 Kd5 50. Rc8 Kd6 51. Nc4+ Kd7
52. Nxb6+ Kd6 53. Nc4+ Kd7 54. Ra8 Kc6 55. g5 Kb7 56. Re8 Rxg5 57. Rxe6 Rg3 58.
Nd6+ Ka7 59. Nf5 Rg2 60. d5 Ra2 61. Re7+ Kb8 62. Kd4 Rxa3 63. d6 Kc8 64. Rc7+
Kd8 65. Ke5 Bg4 66. Nd4 Bd7 67. Ra7 Kc8 68. Kxe4 Ra4 69. Rc7+ Kd8 70. Rb7 Kc8
71. Rb6 Bb5 72. Ke5 Rxb4 73. Nc6 Rb1 74. Ne7+ Kd7 75. Rb7+ Ke8 76. Nd5 {[#]}
Kd8 $4 (76... Re1+ 77. Kd4 Rd1+ 78. Kc5 Rc1+ $11) 77. Rb8+ Kd7 78. Nf6+ Kc6 79.
d7 Re1+ 80. Kf4 Rf1+ 81. Ke3 1-0

[Event "Escaldes zt"]
[Site "Escaldes"]
[Date "1998.11.11"]
[Round "6"]
[White "Kosten, Anthony C"]
[Black "Garcia Ilundain, David"]
[Result "0-1"]
[WhiteElo "2515"]
[BlackElo "2485"]
[Annotator "Hertneck,G"]
[PlyCount "120"]
[EventDate "1998.11.06"]
[EventType "swiss"]
[EventRounds "9"]
[EventCountry "AND"]
[SourceTitle "CBM 068"]
[Source "ChessBase"]
[SourceDate "1999.02.01"]
[SourceVersion "1"]
[SourceVersionDate "1999.02.01"]
[SourceQuality "1"]

1. d4 Nf6 2. Bg5 e6 3. e4 h6 4. Bxf6 Qxf6 5. c3 d5 {Normal ist d6, aber warum
nicht in eine französische Struktur überleiten?} 6. e5 Qd8 7. b4 $5 a5 (7... b6
8. b5 a6 {gefällt mir besser}) 8. b5 a4 $5 {Beide Seiten überbieten sich an
Originalität} 9. Bd3 c5 10. bxc6 bxc6 11. Ne2 c5 12. O-O Nc6 13. Nd2 Be7 (13...
cxd4 14. cxd4 Bd7 15. f4) 14. Nf3 cxd4 15. Nexd4 Nxd4 16. Nxd4 Qc7 17. Re1 O-O
18. Rc1 Bg5 19. Rc2 Ba6 20. g3 Be7 21. f4 Rfc8 22. f5 Bc5 23. Rf2 Qa5 24. Bxa6
Rxa6 25. Re3 Ba7 26. fxe6 fxe6 27. Ref3 Rac6 28. Qf1 Bxd4 29. cxd4 Qb4 30. Qd3
Qc4 31. Kg2 Qxd3 32. Rxd3 Rc3 33. Rdd2 a3 34. Kf1 Rb8 35. Ke2 Rb2 36. Kd1 Rb1+
37. Ke2 Rb2 38. Kd1 Rb4 39. Ke2 Kh7 40. Rf3 Rxf3 41. Kxf3 Rb2 42. Ke3 Kg6 43.
Rf2 h5 44. h3 h4 45. Rf3 Rxa2 46. gxh4 Rb2 47. Rg3+ Kh6 48. Kf4 a2 49. Ra3 Rd2
50. Ke3 Rb2 51. Ra8 Rb3+ 52. Kf4 Rd3 53. Rh8+ Kg6 54. h5+ Kf7 55. Ra8 Rxd4+ 56.
Kg5 Rd2 57. Ra7+ Kg8 58. Ra8+ Kh7 59. h6 Rg2+ 60. Kh5 a1=Q 0-1

[Event "Reggio Emilia 41th"]
[Site "Reggio Emilia "]
[Date "1998.12.30"]
[Round "3"]
[White "Lputian, Smbat G"]
[Black "Solozhenkin, Evgeniy"]
[Result "1/2-1/2"]
[WhiteElo "2615"]
[BlackElo "2535"]
[Annotator "Hertneck,G"]
[PlyCount "68"]
[EventDate "1998.12.28"]
[EventType "tourn"]
[EventRounds "9"]
[EventCountry "ITA"]
[EventCategory "8"]
[SourceTitle "CBM 069"]
[Source "ChessBase"]
[SourceDate "1999.04.01"]
[SourceVersion "1"]
[SourceVersionDate "1999.04.01"]
[SourceQuality "1"]

1. d4 Nf6 2. Bg5 Ne4 3. Bf4 c5 4. f3 Qa5+ 5. c3 Nf6 6. Nd2 cxd4 7. Nb3 Qb6 8.
Qxd4 Nc6 $5 {Für den Doppelbauern bekommt Schwarz die halboffene a-Linie und
muß sich keine Sorgen auf der c-Linie machen. Nach meinem Geschmack ist der
Zug trotzdem nicht} 9. Qxb6 axb6 10. Nd4 (10. e4 d5 11. exd5 Nxd5 12. Bd2 e5
$13) (10. Be3 $5) 10... Nxd4 ({Hochinteressant war} 10... e5 11. Nxc6 exf4 12.
Nd4 Bc5 $13) 11. cxd4 d5 12. e3 $6 (12. Bc7 $142 e6 13. Bxb6 Bb4+ 14. Kf2)
12... Bd7 13. Bd3 e6 14. Ne2 Be7 15. Kd2 O-O 16. Rhc1 Bc6 {mit knappem
Ausgleich} 17. Nc3 Rfc8 18. h3 Ne8 19. e4 dxe4 20. fxe4 Rd8 21. Ke3 Rd7 22. Bc4
Nf6 23. Rd1 Rad8 24. Be5 Bb4 25. Rab1 Bxc3 26. Bxf6 Bxd4+ 27. Bxd4 e5 28. Bd5
exd4+ 29. Rxd4 Bxd5 30. Rxd5 Rxd5 31. exd5 Rxd5 32. Rc1 Kf8 33. Rc7 Re5+ 34.
Kd3 Re7 1/2-1/2

[Event "Oxford GM-A"]
[Site "Oxford"]
[Date "1998.12.14"]
[Round "1"]
[White "Hodgson, Julian M"]
[Black "Nunn, John DM"]
[Result "1/2-1/2"]
[WhiteElo "2575"]
[BlackElo "2600"]
[Annotator "Hertneck,G"]
[PlyCount "25"]
[EventDate "1998.12.14"]
[EventType "tourn"]
[EventRounds "9"]
[EventCountry "ENG"]
[EventCategory "11"]
[SourceTitle "CBM 069"]
[Source "ChessBase"]
[SourceDate "1999.04.01"]
[SourceVersion "1"]
[SourceVersionDate "1999.04.01"]
[SourceQuality "1"]

1. d4 Nf6 2. Bg5 Ne4 3. Bf4 c5 4. d5 Qb6 5. Bc1 g6 6. f3 Nd6 $1 {Diesen
Rückzug halte ich für deutlich stärker als 6...Sf6, weil er den Hebel ...f5
vorbereitet und der Springer die Läuferdiagonale nicht verstellt} 7. e4 Bg7 8.
Nc3 {Der natürlichste, aber nicht der einzige Zug. Hodgson erwähnt in seiner
Monographie nur 8.Sd2, was ebenfalls nichts einbringt} (8. c3 O-O 9. Na3 f5 10.
exf5 Nxf5 11. Qb3 Qf6 $1 {mit gutem Spiel für Schwarz in Miltner-Lanka BL 96})
8... f5 $5 {Solider war 8...0-0 und erst dann ...f5} 9. exf5 Nxf5 10. g4 {
Typisch Hodgson!} Nh6 (10... Nd4 11. Ne4 $1 e6 12. d6 O-O 13. c3 Ndc6) 11. d6
e6 12. Nb5 Na6 13. Be3 {Leider bleibt diese Stellung ungeklärt. Das
Remisangebot von Hodgson deutet aber darauf hin, daß er sich hier bereits
nicht mehr wohlgefühlt hat} 1/2-1/2

[Event "Oxford GM-A"]
[Site "Oxford"]
[Date "1998.12.20"]
[Round "6"]
[White "Hodgson, Julian M"]
[Black "Turner, Matthew"]
[Result "1/2-1/2"]
[WhiteElo "2575"]
[BlackElo "2475"]
[Annotator "Hertneck,G"]
[PlyCount "30"]
[EventDate "1998.12.14"]
[EventType "tourn"]
[EventRounds "9"]
[EventCountry "ENG"]
[EventCategory "11"]
[SourceTitle "CBM 069"]
[Source "ChessBase"]
[SourceDate "1999.04.01"]
[SourceVersion "1"]
[SourceVersionDate "1999.04.01"]
[SourceQuality "1"]

1. d4 Nf6 2. Bg5 Ne4 3. Bf4 c5 4. d5 Qb6 5. Bc1 g6 6. f3 Nd6 7. Nc3 Bg7 8. e3
$5 {Das ist möglicherweise besser als 8.e4, weil das Zentrum weniger anfällig
ist} (8. e4 f5 9. exf5 Nxf5 10. g4 $5 {Hodgson-Nunn, Oxford 98}) 8... O-O 9.
Nh3 Qc7 10. a4 b6 11. Nf2 f5 12. Be2 e5 {Schwarz hat mit einfachen und
natürlichen Zügen Ausgleich erreicht} 13. e4 f4 14. a5 Ba6 15. O-O Qb7 1/2-1/2

[Event "Groningen Festival (Women)"]
[Site "Groningen"]
[Date "1998.12.20"]
[Round "1"]
[White "Stefanova, Antoaneta"]
[Black "Socko, Monika"]
[Result "1-0"]
[WhiteElo "2475"]
[BlackElo "2470"]
[Annotator "Hertneck,G"]
[PlyCount "59"]
[EventDate "1998.12.20"]
[EventType "tourn"]
[EventRounds "10"]
[EventCountry "NED"]
[EventCategory "9"]
[SourceTitle "CBM 069"]
[Source "ChessBase"]
[SourceDate "1999.04.01"]
[SourceVersion "1"]
[SourceVersionDate "1999.04.01"]
[SourceQuality "1"]

1. d4 Nf6 2. Bg5 Ne4 3. Bf4 c5 4. d5 d6 $6 {Bekanntlich stellt der
Damenausfall 4...Db6 Weiß vor die unangenehme Wahl, wie er den Bauern b2
decken soll} 5. f3 Nf6 6. e4 g6 7. Qd2 Bg7 8. Nc3 O-O 9. Bh6 a6 $6 {Erweist
sich als glatter Tempoverlust, da das Gegenspiel am Damenflügel zu spät kommt}
(9... Re8 $1 10. Bxg7 Kxg7 11. h4 h5 $13) 10. h4 $1 e6 11. Bxg7 Kxg7 12. dxe6
Bxe6 13. Rd1 ({konsequenter war} 13. O-O-O Nc6 14. h5 (14. Qxd6 Qa5 $132))
13... Nc6 14. h5 (14. Qxd6 Qb6 $132) 14... Kg8 15. Nge2 Nxh5 16. g4 Ne5 17. Bg2
Ng7 (17... Nf6 18. Qh6 Re8 19. Nf4 $40) 18. Qh6 f6 19. f4 Nh5 (19... Nxg4 20.
Qxh7+ Kf7 21. f5 gxf5 22. exf5 Bxf5 23. Bd5+ $18) 20. fxe5 Bxg4 21. exd6 b5 22.
Bh3 f5 23. Bxg4 fxg4 24. e5 g3 25. Nxg3 Qe8 26. Rxh5 gxh5 27. e6 b4 28. Rd5 Ra7
29. d7 Qe7 30. Qg5+ 1-0